000 01262nac a22003257a 4500
001 BR8001716
003 BR-BrBNA
005 20240105114630.0
008 230509b bl.|||m| |||| 00| 0 por d
040 _aBR-BrBNA
_bpor
_cBiblioteca Nacional de Agricultura
072 _aF00
090 _a1930 BR8001716
100 1 _aValle, C.B. do
100 1 _aZimmer, A.H.
100 1 _aPimentel, D.M.
110 1 _aCentro Nacional de Pesquisa de Gado de Corte, Campo Grande, MS (Brasil)
_91771
245 1 _aEfeito da epoca de semeadura sobre a formacao de pastagens de Brachiaria decumbens cv. australiana Brachiaria humidicola e Brachiaria ruziziensis [Cerrado; Brasil]
246 1 _a[Effect of sowing period on pasture formation of Brachiaria decumbens cv. australian Brachiaria humidicola and Brachiaria ruziziensis [Cerrado; Brazil]]
260 3 _aCampo Grande, MS (Brasil):
_c1979.
300 _a5 p.
490 _aPesquisa em Andamento - Centro Nacional de Pesquisa de Gado de Corte (Brazil)
_vno. 5
_x
650 _aProducao vegetal
650 _aCapim brachiaria
650 _aSemeadura
650 _aPratica cultural
650 _aPastagem
650 _aCerrado
909 _a202312
_bLúcia Elande
_c55
_dLúcia Elande
942 _2AGRIS
_n0
_cMS
999 _c270443
_d270443